| 000 | 00749nam a2200145Ia 4500 | ||
|---|---|---|---|
| 008 | 100204s9999 xx 000 0 und d | ||
| 082 | _b8493 | ||
| 100 | _aकुलकर्णी श्री. वा./ परांजपे प. | ||
| 245 | _aमहाराष्ट्र दर्शन साहित्य दर्शन ( अर्वाचीन ) | ||
| 260 |
_b"अतुल बुक एजन्सी, पुणे 30" _c1986 |
||
| 300 | _a52 | ||
| 630 | _aमहाराष्ट्र दर्शन साहित्य दर्शन ( अर्वाचीन ) | ||
| 730 | _aमहाराष्ट्र दर्शन साहित्य दर्शन ( अर्वाचीन ) | ||
| 942 | _cBOOK | ||
| 999 |
_c452929 _d452926 |
||